Bandhon hara : (Record no. 21237)
[ view plain ]
| 000 -LEADER | |
|---|---|
| fixed length control field | 01218cam a22003617i 4500 |
| 001 - CONTROL NUMBER | |
| control field | 19632044 |
| 003 - CONTROL NUMBER IDENTIFIER | |
| control field | BDDh-ASL |
| 005 - DATE AND TIME OF LATEST TRANSACTION | |
| control field | 20231015030000.0 |
| 008 - FIXED-LENGTH DATA ELEMENTS--GENERAL INFORMATION | |
| fixed length control field | 170512s2016 bg b 000 f eng |
| 010 ## - LIBRARY OF CONGRESS CONTROL NUMBER | |
| LC control number | 2016319422 |
| 020 ## - INTERNATIONAL STANDARD BOOK NUMBER | |
| International Standard Book Number | 9789849015932 |
| 025 ## - OVERSEAS ACQUISITION NUMBER | |
| Overseas acquisition number | B-E-2016319422; 08 |
| 037 ## - SOURCE OF ACQUISITION | |
| Source of stock number/acquisition | Library of Congress -- New Delhi Overseas Office |
| 040 ## - CATALOGING SOURCE | |
| Original cataloging agency | DLC |
| Language of cataloging | eng |
| Description conventions | rda |
| Transcribing agency | DLC |
| Modifying agency | DLC |
| -- | BDDh-ASL |
| 041 1# - LANGUAGE CODE | |
| Language code of text/sound track or separate title | eng |
| Language code of original | ben |
| 042 ## - AUTHENTICATION CODE | |
| Authentication code | lcode |
| 050 00 - LIBRARY OF CONGRESS CALL NUMBER | |
| Classification number | MLCS 2018/50060 (P) |
| 082 ## - DEWEY DECIMAL CLASSIFICATION NUMBER | |
| Classification number | 928 |
| Item number | BAN |
| 100 0# - MAIN ENTRY--PERSONAL NAME | |
| Personal name | Nazrul Islam, |
| Titles and words associated with a name | Kazi, |
| Dates associated with a name | 1899-1976, |
| Relator term | author. |
| 240 10 - UNIFORM TITLE | |
| Uniform title | Najarula Isalāmera Bān̐dhana-hārā. |
| Language of a work | English |
| 245 00 - TITLE STATEMENT | |
| Title | Bandhon hara : |
| Remainder of title | unfettered / |
| Statement of responsibility, etc. | Kazi Nazrul Islam ; translated by The Reading Circle. |
| 264 #1 - PRODUCTION, PUBLICATION, DISTRIBUTION, MANUFACTURE, AND COPYRIGHT NOTICE | |
| Place of production, publication, distribution, manufacture | Dhaka : |
| Name of producer, publisher, distributor, manufacturer | Nymphea Publication, |
| Date of production, publication, distribution, manufacture, or copyright notice | 2016. |
| 300 ## - PHYSICAL DESCRIPTION | |
| Extent | xxiv, 184 pages : |
| Dimensions | 26 cm |
| 336 ## - CONTENT TYPE | |
| Content type term | text |
| Content type code | txt |
| Source | rdacontent |
| 337 ## - MEDIA TYPE | |
| Media type term | unmediated |
| Media type code | n |
| Source | rdamedia |
| 338 ## - CARRIER TYPE | |
| Carrier type term | volume |
| Carrier type code | nc |
| Source | rdacarrier |
| 500 ## - GENERAL NOTE | |
| General note | Novel. |
| 504 ## - BIBLIOGRAPHY, ETC. NOTE | |
| Bibliography, etc. note | Includes bibliographical references (page 179). |
| 600 10 - SUBJECT ADDED ENTRY--PERSONAL NAME | |
| 9 (RLIN) | 2922 |
| Personal name | Islam, Kazi Nazrul |
| 906 ## - LOCAL DATA ELEMENT F, LDF (RLIN) | |
| a | 7 |
| b | cbc |
| c | origode |
| d | 4 |
| e | ncip |
| f | 20 |
| g | y-gencatlg |
| 942 ## - ADDED ENTRY ELEMENTS (KOHA) | |
| Source of classification or shelving scheme | Dewey Decimal Classification |
| Koha item type | Books |
| Withdrawn status | Lost status | Source of classification or shelving scheme | Damaged status | Not for loan | Collection code | Home library | Current library | Shelving location | Date acquired | Source of acquisition | Total Checkouts | Full call number | Barcode | Date last seen | Copy number | Price effective from | Koha item type |
|---|---|---|---|---|---|---|---|---|---|---|---|---|---|---|---|---|---|
| Dewey Decimal Classification | Non-fiction | Asiatic Society Library | Asiatic Society Library | General Stacks | 01/26/2021 | Complementary | 928 BAN | 104923 | 01/26/2021 | C-1 | 01/26/2021 | Books | |||||
| Dewey Decimal Classification | Non-fiction | Asiatic Society Library | Asiatic Society Library | General Stacks | 01/26/2021 | Complementary | 928 BAN | 104925 | 01/26/2021 | C-2 | 01/26/2021 | Books |